Sexualidad y adolescencia: tópicos en Biología. Texto padres

Bewaard in:
Bibliografische gegevens
Hoofdauteurs: Padilla Schuster, Enna (autora), Silva Raveau, Mónica (Auteur)
Formaat: Boek
Taal:Spaans
Gepubliceerd in: Santiago Eds. Universidad Católica de Chile 2001
Editie:2a. ed
Reeks:Aprendizaje
Onderwerpen:
Tags: Voeg label toe
Geen labels, Wees de eerste die dit record labelt!

MARC

LEADER 00000nam a2200000 a 4500
001 UCH4316
003 CL-VaPUC
008 090818e20010000CL |||||||||||||||||spa|d
020 |a 9561403765 
082 0 4 |a 612.6  |b PAD  |2 21 
100 |a Padilla Schuster, Enna  |e autora  |9 539818 
700 0 |a Silva Raveau, Mónica  |e author  |9 539819 
245 1 0 |a Sexualidad y adolescencia: tópicos en Biología. Texto padres 
250 |a 2a. ed 
300 |a 104 p 
942 |c BK 
945 |d 20090818 00:00:00  |a lazolas 
260 |a Santiago  |b Eds. Universidad Católica de Chile  |c 2001 
650 0 |a Educación sexual  |9 308005 
650 0 |a Adolescencia  |9 307361 
650 0 |a Aspectos sexuales   |9 310122 
650 7 |a RELACIONES SEXUALES  |2 CL-VaPUC  |9 312685 
650 0 |a Aparato reproductor  |9 394611 
650 7 |a ORGANOS GENITALES  |2 CL-VaPUC  |9 417465 
650 7 |a DISFUNCIONES SEXUALES  |2 CL-VaPUC  |9 539820 
650 7 |a SEXUALIDAD HUMANA  |2 CL-VaPUC  |9 395306 
650 0 |a Fisiología humana   |9 269557 
650 0 |a Enfermedades de transmisión sexual   |9 448974 
650 7 |a EMBARAZO  |2 CL-VaPUC  |9 308235 
583 |a last modification  |c 20090818 00:00:00  |k Rodrigo Vera 
490 0 |a Aprendizaje 
999 |c 335648  |d 335646